| 000 | 00645nam a2200229 a 4500 | ||
|---|---|---|---|
| 001 | BRCA_6100 | ||
| 005 | 20190320205332.0 | ||
| 008 | 220611s1830----fr-#######---#000-1#fre-# | ||
| 041 | _afre | ||
| 044 | _afr | ||
| 050 | 4 |
_aPQ2172 _b.B35 _c1830 |
|
| 245 | 1 | 0 |
_aSeraphita. Jesus-Christ en Flandre. Melmoth reconcilie. L´elixir de longue vie _cHonore de Balzac. |
| 260 |
_aParís _bE. Flammarion _c[1830] |
||
| 300 |
_a282 p. _c18 cm. |
||
| 500 | _aI24 | ||
| 650 | 1 | 4 |
_aLiteratura francesa _915422 |
| 740 | 0 | _aJesus-Christ et Flandre | |
| 740 | 0 | _aMelmoth reconcilie | |
| 740 | 0 | _aL´elixir de Longue vie. | |
| 902 | _aGFM | ||
| 942 |
_2lcc _cB |
||
| 999 |
_c5787 _d5787 |
||